OTRAVY LÚHOM

Bibliographic Details
Main Author: Pauliny-Tóth, Iľja, 1896-1965 (Author)
Format: Article
Language:Slovak

MARC

LEADER 00000nab a2200000ua 4500
001 vtls010784493
003 SK-MaSNL
005 20260303123616.0
008 230214s xo |||||||||||||||||slo|
035 |a (urnnbn)urn:nbn:sk:snk:ar-a037ww 
035 |a (uuid)eba46a3f-8c7d-41a8-a748-6f7b293a027f 
035 |a urn:nbn:sk:snk-ab54ie 
040 |a SNKBUCL  |b slo  |c SNKBUCL  |e AACR2 
041 0 |a slo 
044 |a xo  |c SK 
100 1 |a Pauliny-Tóth, Iľja,  |d 1896-1965  |4 aut  |9 81210 
245 1 0 |a OTRAVY LÚHOM  |c Ilja Pauliny-Tóth 
773 0 |t Bratislavské lekárske listy  |g Roč. 5, č. 4 (1925-1926), s. 268-270 
954 |a odborná, vedecká literatúra pôvodná (slovenská)  |2 lita 
958 |a OND 
958 |a EUIPO 
958 |a article3 
999 |c 1927016  |d 1928946